000 00285nam a22001217a 4500
008 170606b xxu||||| |||| 00| 0 eng d
041 _aeng
080 _23ED
_a327
100 _a18
101 _aSHP
245 _aWORLD POLITICS INTERNATIONAL POLITICS
_cROURKE.T.T
942 _2udc
_cBK
999 _c16164
_d16164